Teorías e historia de la arquitectura : hacia una nueva concepción del espacio arquitectónico /

Salvato in:
Dettagli Bibliografici
Autore principale: Tafuri, Manfredo (autor)
Natura: Libro
Lingua:spagnolo
Pubblicazione: Barcelona, España : Laia, 1977
Edizione:2a edición
Serie:(Papel 451 ; 6)
Soggetti:
Tags: Aggiungi Tag
Nessun Tag, puoi essere il primo ad aggiungerne!!

MARC

LEADER 00000nam^a2200000^a^4500
001 000014292
005 20250521000000.0
009 20260310083935.804
020 |a 84-7222-451-1 
037 |a Acervo ITESO - Biblioteca 
041 |a ESP 
082 |a 720. 9  |b TAF 
100 |a Tafuri, Manfredo  |e (autor) 
245 1 0 |a Teorías e historia de la arquitectura :  |b hacia una nueva concepción del espacio arquitectónico /  |c M. Tafuri ; tr. por Martín Capderilla, Sebastián Janeras. 
250 |a 2a edición 
264 1 |a Barcelona, España :  |b Laia,  |c 1977 
300 |a 287 p. 
336 |a texto  |b txt  |2 rdacontenido 
337 |a sin mediación  |b n  |2 rdamedio 
338 |a volumen  |b nc  |2 rdasoporte 
440 1 |a (Papel 451 ;  |v 6) 
500 |a Traducción de: Teorie e storia dell'architettura 
649 |a XX 
650 |a Espacio Arquitectónico 
650 |a Arquitectura -  |x Teoría 
650 |a Arquitectura -  |x Historia y Crítica 
650 |a Arte -  |x Teoría 
650 |a Arte -  |x Historia y Crítica 
910 |a Fondo General 
920 |a Impresos - Libros 
930 |a Colección General 
905 |a 101 
901 |a 0142920100  |b IT1  |c ACC  |i 014292  |u 20250521 
902 |a https://opac.biblio.iteso.mx/vufind/Record/000014292